UBT Library

GENES IV (Record no. 59207)

000 -LEADER
fixed length control field 00310nam a22001457a 4500
008 - FIXED-LENGTH DATA ELEMENTS--GENERAL INFORMATION
fixed length control field 221219b ||||| |||| 00| 0 eng d
020 ## - INTERNATIONAL STANDARD BOOK NUMBER
International Standard Book Number 9780198542681
041 ## - LANGUAGE CODE
Language code of text/sound track or separate title eng
080 ## - UNIVERSAL DECIMAL CLASSIFICATION NUMBER
Universal Decimal Classification number 616.073
082 ## - DEWEY DECIMAL CLASSIFICATION NUMBER
Classification number 616.073LEW
100 ## - Rafti
Rafti 12
101 ## - Shkurtesa
Shkurtesa GENETIC
245 ## - TITLE STATEMENT
Title GENES IV
Statement of responsibility, etc LEWIN B
942 ## - ADDED ENTRY ELEMENTS (KOHA)
Source of classification or shelving scheme
Item type Books
Holdings
Withdrawn status Lost status Source of classification or shelving scheme Damaged status Not for loan Collection code Permanent location Current location Date acquired Total Checkouts Full call number Barcode Date last seen Price effective from Koha item type
          Koleksioni i përgjithshem UBT - Lipjan UBT - Lipjan 12/19/2022   616.073LEW 002-8000287002601189 12/19/2022 12/19/2022 Books
UBT Library © 2015-2024. All rights reserved University Education for Business and Technology